Basic linear geostatistics.

Guardat en:
Dades bibliogràfiques
Autor principal: Armstrong, Margaret (Autor)
Format: Llibre
Idioma:anglès
Publicat: Berlín, Germany: Springer, 1998.
Matèries:
Etiquetes: Afegir etiqueta
Sense etiquetes, Sigues el primer a etiquetar aquest registre!

MARC

LEADER 00000cam a2200000 a 4500
001 UCE5639
003 CL-VaPUC
005 20240508105031.0
008 150305e19980000gw |||||||||||||||||eng|d
020 |a 9783540618454 
040 |c Pontificia Universidad Católica de Valparaíso 
082 0 4 |a 553.0724 ARM 1998  |2 21 
100 0 |a Armstrong, Margaret  |e author  |9 578302 
245 1 0 |a Basic linear geostatistics. 
260 |a Berlín, Germany:  |b Springer,  |c 1998. 
300 |a xi, 153 páginas.  
583 |a last modification  |c 20150305 12:52:00  |k Rodrigo Vera 
650 |a Valoración de minas   |x Métodos estadísticos   |9 888831 
650 |a Estadística aplicada  |x Geociencias  |9 888832 
942 |c BK  |2 ddc 
945 |d 20150305 12:52:00  |a cmena 
999 |c 358291  |d 358289 
952 |0 0  |1 0  |3 erb  |4 0  |6 553_072400000000000_ARM_1998  |7 0  |8 A  |9 466909  |a BIBING  |b BIBING  |i 5138639  |o 553.0724 ARM 1998  |p 5138639  |r 2025-01-20  |w 2019-11-23  |y BK  |z Catalogado en:20150305  |k EIQ 
952 |0 0  |1 0  |3 erb  |4 0  |6 553_072400000000000_ARM_1998  |7 0  |8 A  |9 466910  |a BIBING  |b BIBING  |i 5138620  |o 553.0724 ARM 1998  |p 5138620  |r 2025-01-20  |w 2019-11-23  |y BK  |z Catalogado en:20150305  |k EIQ 
952 |0 0  |1 0  |3 erb  |4 0  |6 553_072400000000000_ARM_1998  |7 0  |8 A  |9 466911  |a BIBING  |b BIBING  |i 5138612  |o 553.0724 ARM 1998  |p 5138612  |r 2025-01-20  |w 2019-11-23  |y BK  |z Catalogado en:20150305  |k EIQ 
952 |0 0  |1 0  |2 ddc  |4 0  |6 553_072400000000000_ARM_1998  |7 0  |8 A  |9 594426  |a BIBING  |b BIBING  |d 2024-05-08  |e 13  |g 81396.00  |i 5661341  |o 553.0724 ARM 1998  |p 5661341  |r 2025-01-20  |t 10  |v 81396.00  |w 2024-05-08  |y BK  |k EIQ 
952 |0 0  |1 0  |2 ddc  |4 0  |6 553_072400000000000_ARM_1998  |7 0  |8 A  |9 594427  |a BIBING  |b BIBING  |d 2024-05-08  |e 13  |g 81396.00  |i 5661338  |o 553.0724 ARM 1998  |p 5661338  |r 2025-01-20  |t 7  |v 81396.00  |w 2024-05-08  |y BK  |k EIQ 
952 |0 0  |1 0  |2 ddc  |4 0  |6 553_072400000000000_ARM_1998  |7 0  |8 A  |9 594428  |a BIBING  |b BIBING  |d 2024-05-08  |e 13  |g 81396.00  |i 5661335  |o 553.0724 ARM 1998  |p 5661335  |r 2025-01-20  |t 4  |v 81396.00  |w 2024-05-08  |y BK  |k EIQ 
952 |0 0  |1 0  |2 ddc  |4 0  |6 553_072400000000000_ARM_1998  |7 0  |8 A  |9 594429  |a BIBING  |b BIBING  |d 2024-05-08  |e 13  |g 81396.00  |i 5661340  |o 553.0724 ARM 1998  |p 5661340  |r 2025-01-20  |t 9  |v 81396.00  |w 2024-05-08  |y BK  |k EIQ 
952 |0 0  |1 0  |2 ddc  |4 0  |6 553_072400000000000_ARM_1998  |7 0  |8 A  |9 594430  |a BIBING  |b BIBING  |d 2024-05-08  |e 13  |g 81396.00  |i 5661336  |o 553.0724 ARM 1998  |p 5661336  |r 2025-01-20  |t 5  |v 81396.00  |w 2024-05-08  |y BK  |k EIQ 
952 |0 0  |1 0  |2 ddc  |4 0  |6 553_072400000000000_ARM_1998  |7 0  |8 A  |9 594431  |a BIBING  |b BIBING  |d 2024-05-08  |e 13  |g 81396.00  |i 5661339  |o 553.0724 ARM 1998  |p 5661339  |r 2025-01-20  |t 8  |v 81396.00  |w 2024-05-08  |y BK  |k EIQ 
952 |0 0  |1 0  |2 ddc  |4 0  |6 553_072400000000000_ARM_1998  |7 0  |8 A  |9 594432  |a BIBING  |b BIBING  |d 2024-05-08  |e 13  |g 81396.00  |i 5661337  |o 553.0724 ARM 1998  |p 5661337  |r 2025-01-20  |t 6  |v 81396.00  |w 2024-05-08  |y BK  |k EIQ